Indian Yearbook of Comparative Law 2016/ (Record no. 1320338)

MARC details
000 -LEADER
fixed length control field 00790nam a22002657a 4500
005 - DATE AND TIME OF LATEST TRANSACTION
control field 20250507165159.0
008 - FIXED-LENGTH DATA ELEMENTS--GENERAL INFORMATION
fixed length control field 250507b |||||||| |||| 00| 0 eng d
020 ## - INTERNATIONAL STANDARD BOOK NUMBER
International Standard Book Number 9780199482139
037 ## - SOURCE OF ACQUISITION
Terms of availability REF
040 ## - CATALOGING SOURCE
Original cataloging agency LCT
Transcribing agency LCT
041 ## - LANGUAGE CODE
Source of code eng
Language code of text/sound track or separate title eng
Language code of original eng
084 ## - COLON CLASSIFICATION NUMBER
Classification number Zn2 Q17
100 ## - MAIN ENTRY--PERSONAL NAME
Personal name Singh, Mahendra Pal
245 ## - TITLE STATEMENT
Title Indian Yearbook of Comparative Law 2016/
250 ## - EDITION STATEMENT
Edition statement 1st ed. (Indian reprint)
260 ## - PUBLICATION, DISTRIBUTION, ETC.
Place of publication, distribution, etc. London:
Name of publisher, distributor, etc. Oxford University Press,
Date of publication, distribution, etc. 2017
300 ## - PHYSICAL DESCRIPTION
Extent xxiv, 526p.
650 ## - SUBJECT ADDED ENTRY--TOPICAL TERM
Topical term or geographic name entry element Law
650 ## - SUBJECT ADDED ENTRY--TOPICAL TERM
Topical term or geographic name entry element Comparative Law
9 (RLIN) 755416
650 ## - SUBJECT ADDED ENTRY--TOPICAL TERM
Topical term or geographic name entry element Legal System
650 ## - SUBJECT ADDED ENTRY--TOPICAL TERM
Topical term or geographic name entry element Constitutional Law
650 ## - SUBJECT ADDED ENTRY--TOPICAL TERM
Topical term or geographic name entry element Administrative Law
700 ## - ADDED ENTRY--PERSONAL NAME
Personal name Singh, Mahendra Pal, ed.
Relator term Editor
9 (RLIN) 755417
942 ## - ADDED ENTRY ELEMENTS (KOHA)
Source of classification or shelving scheme Colon Classification (CC)
Koha item type Reference
Classification part Zn2 Q17
Suppress in OPAC No
Holdings
Withdrawn status Lost status Source of classification or shelving scheme Damaged status Not for loan Home library Current library Date acquired Total Checkouts Full call number Barcode Date last seen Price effective from Koha item type Collection Shelving location Source of acquisition Cost, normal purchase price Inventory number
    Colon Classification (CC)     Law Centre-II Library Law Centre-II Library 2025-04-09   Zn2 / Q17;1 LT0026472 2025-04-09 2025-04-09 Reference          
          Law Centre-II Library Law Centre-II Library 2025-04-09   Zn2 / Q17;3 LT0026474 2025-04-09 2025-04-09 Textbook          
          Law Centre-II Library Law Centre-II Library 2025-04-09   Zn2 / Q17;4 LT0026475 2025-04-09 2025-04-09 Textbook          
          Law Centre-II Library Law Centre-II Library 2025-04-09   Zn2 / Q17;5 LT0026476 2025-04-09 2025-04-09 Textbook          
          Law Centre-II Library Law Centre-II Library 2025-04-09   Zn2 / Q17;6 LT0026477 2025-04-09 2025-04-09 Textbook          
    Colon Classification (CC)     Law Centre-II Library Law Centre-II Library 2017-11-02   Zn2 Q17 LT0026471 2025-05-07 2025-05-07 Reference Reference Reference Satyam Books International 1495.00 1281/02.11.2017
    Colon Classification (CC)     Law Centre-II Library Law Centre-II Library 2017-11-02   Zn2 Q17 LT0026473 2025-05-07 2025-05-07 Reference Reference Reference Satyam Books International 1495.00 1281/02.11.2017
    Colon Classification (CC)     Law Centre-II Library Law Centre-II Library 2017-11-02   Zn2 Q17 LT0026478 2025-05-07 2025-05-07 Reference Reference Reference Satyam Books International 1495.00 1281/02.11.2017
Copyright @ Delhi University Library System